EL PLEBISCITO DE LOS MARTIRES/
Shranjeno v:
| Glavni avtor: | |
|---|---|
| Format: | Knjiga |
| Izdaja: | 2a edición |
| Teme: | |
| Oznake: |
Brez oznak, prvi označite!
|
MARC
| LEADER | 00000nam^a2200000^a^4500 | ||
|---|---|---|---|
| 001 | 000257719 | ||
| 005 | 20250529000000.0 | ||
| 009 | 20260310110300.097 | ||
| 035 | |a C24770 | ||
| 037 | |a Acervo Xavier Clavigero | ||
| 082 | |a 322. 1 |b GON | ||
| 100 | |a González Flores, Anacleto |e (autor) | ||
| 245 | 1 | 3 | |a EL PLEBISCITO DE LOS MARTIRES/ |c ANACLETO GONZALEZ FLORES |
| 250 | |a 2a edición | ||
| 264 | |a MEXICO : |b COMITE CENTRAL DE LA A.C.J.M., |c 1961 | ||
| 300 | |a 289p. 2ej. | ||
| 336 | |a texto |b txt |2 rdacontenido | ||
| 337 | |a sin mediación |b n |2 rdamedio | ||
| 338 | |a volumen |b nc |2 rdasoporte | ||
| 649 | |a XX | ||
| 650 | |a Iglesia y Estado | ||
| 650 | |a Periodismo Religioso | ||
| 650 | |a Libertad Religiosa | ||
| 910 | |a Fondo Jesús Gómez Fregoso S.J. FXC | ||
| 920 | |a Impresos - Libros | ||
| 930 | |a Libros Antiguos y Raros | ||
| 940 | |a Guerra Cristera | ||
| 905 | |a 110 | ||
| 901 | |a 024770 |b IT2 |c LRA |i C24770 |u 20250526 | ||
| 901 | |a 044344 |b IT2 |c LRA |i C44344 |u 20250526 | ||
| 902 | |a https://opac.biblio.iteso.mx/vufind/Record/000257719 | ||